| 000 | 00968cam a22001935a 4500 | ||
|---|---|---|---|
| 001 | L155172 | ||
| 008 | 120307s1651 xxk f 000 0 eng d | ||
| 035 | _a(Sirsi) u155172 | ||
| 041 | 0 | _aeng | |
| 100 | 1 |
_aMascall, Leonard _dd. 1589 |
|
| 245 | 0 | 4 |
_aThe country-mans new art of planting and graffing _bdirecting the best way to make any ground good for a rich orchard: with the manner how to plant and graffe all sorts of trees, to set and sow curnels; as also the remedies and medicines concerning the same; with divers other new experiments: practised by Leonard Mascall. Published by authority |
| 260 |
_aLondon _bprinted by I. Bell, and are to be sold by Iohn Wright, at the King's Head in the Old Bailey _c1651 |
||
| 300 |
_a[12], 70p. _bill. (woodcuts) _c4o |
||
| 520 | _aLeaf [A]2v bears woodcut illustrations of tools. | ||
| 583 |
_aCondition reviewed _c20120620 _lcondition level 1 |
||
| 651 | 4 |
_aGreat Britain _y1707- |
|
| 690 |
_aRural _96268 |
||
| 942 | _n0 | ||
| 999 |
_c113367 _d113367 |
||